Modern production of sulfuric acid; Методология проектирования молодежного научно-инновационного пространства для российской энергетики

Detalles Bibliográficos
Parent link:Методология проектирования молодежного научно-инновационного пространства для российской энергетики.— 2013.— [С. 151-153]
Autor principal: Koshkina D. A.
Otros Autores: Khoreva K. A. (научный консультант), Vodyankin A. Yu. Aleksey Yurievich, Rozanova Y. V., Zyablova N. N. Natalia Nikolaevna
Sumario:Заглавие с экрана
This article covers the major industrial methods of production of sulfuric acid. The paper presents the main stages of each method. Also it focuses on the advantages and disadvantages of the particular method. The types of materials used for production and the percentage of their use are considered in the paper. The application of sulfuric acid is described is well. Finally the information about the trends in the development of the production of sulfuric acid is presented. Article is of interest to students and students of chemistry and chemical technology.
Lenguaje:inglés
Publicado: 2013
Colección:Nuclear technologies as integral part of engineering sciencein the modern world
Materias:
Acceso en línea:http://www.lib.tpu.ru/fulltext/c/2013/C07/038.pdf
Formato: MixedMaterials Electrónico Capítulo de libro
KOHA link:https://koha.lib.tpu.ru/cgi-bin/koha/opac-detail.pl?biblionumber=241826

MARC

LEADER 00000naa2a2200000 4500
001 241826
005 20251217154738.0
035 |a (RuTPU)RU\TPU\book\263115 
035 |a RU\TPU\book\263095 
090 |a 241826 
100 |a 20130820d2013 k y0rusy50 ba 
101 0 |a eng 
102 |a RU 
135 |a drcn ---uucaa 
200 1 |a Modern production of sulfuric acid  |f D. A. Koshkina, K. A. Khoreva  |g sci. adv. A. Yu. Vodyankin, Y. V. Rozanova, N. N. Zyablova 
215 |a 1 файл(219 Кб) 
225 1 |a Nuclear technologies as integral part of engineering sciencein the modern world 
300 |a Заглавие с экрана 
320 |a [Библиогр.: с. 153 (6 назв.)] 
330 |a This article covers the major industrial methods of production of sulfuric acid. The paper presents the main stages of each method. Also it focuses on the advantages and disadvantages of the particular method. The types of materials used for production and the percentage of their use are considered in the paper. The application of sulfuric acid is described is well. Finally the information about the trends in the development of the production of sulfuric acid is presented. Article is of interest to students and students of chemistry and chemical technology. 
337 |a Adobe Reader 
463 1 |0 (RuTPU)RU\TPU\book\258133  |t Методология проектирования молодежного научно-инновационного пространства для российской энергетики  |l Strategy design of youth science and innovation environment for modern engineer training  |o сборник научных трудов Международной молодежной научной школы, г. Томск, 27 - 29 марта 2013 г.  |f Национальный исследовательский Томский политехнический университет (ТПУ)  |v [С. 151-153]  |d 2013 
610 1 |a электронный ресурс 
610 1 |a труды учёных ТПУ 
700 1 |a Koshkina  |b D. A. 
701 1 |a Khoreva  |b K. A. 
702 1 |a Vodyankin  |b A. Yu.  |c chemist  |c Associate Professor of Tomsk Polytechnic University, Candidate of chemical sciences  |f 1971-  |g Aleksey Yurievich  |3 (RuTPU)RU\TPU\pers\31222  |4 695 
702 1 |a Rozanova  |b Y. V.  |4 695 
702 1 |a Zyablova  |b N. N.  |c linguist  |c Senior Lecturer of Tomsk Polytechnic University  |f 1976-  |g Natalia Nikolaevna  |4 695 
801 1 |a RU  |b 63413507  |c 20101016 
801 2 |a RU  |b 63413507  |c 20220328  |g RCR 
856 4 |u http://www.lib.tpu.ru/fulltext/c/2013/C07/038.pdf 
942 |c CF